| 000 | 00986naa a22002777a 4500 | ||
|---|---|---|---|
| 001 | BR8003835 | ||
| 003 | BR-BrBNA | ||
| 005 | 20250716093632.0 | ||
| 007 | ta | ||
| 008 | 250630b bl.|||m| |||| 00| 0 por d | ||
| 040 |
_aBR-BrBNA _bpor _cBiblioteca Nacional de Agricultura |
||
| 041 | _a(En) | ||
| 072 |
_aF25 _b3830 |
||
| 090 | _aF25 BR8003835 | ||
| 100 | 1 | _aGrundt, T. | |
| 245 | 1 | _aProduction of nitrophosphate [Fertilizante; Industrializacao] | |
| 500 | _aTecnologia de fertilizantes fosfatados Sao Paulo, SP (Brasil): 1980. p. 167-185 [8 illus.] (BR8003835-AMS) | ||
| 773 | 0 |
_tTecnologia de fertilizantes fosfatados _wF25 BR8003835 _gSao Paulo, SP (Brasil), 1980. p. 167-185 |
|
| 650 | _aFERTILIZANTE | ||
| 650 | _aFOSFATO | ||
| 650 | _aNITROFOSFATO | ||
| 650 | _aINDUSTRIALIZACAO | ||
| 490 |
_aPublicacoes Especiais - Instituto de Pesquisas Tecnologicas do Estado de Sao Paulo S.A. (Brazil) _vno. 9 |
||
| 942 |
_cAMS _2AGRIS |
||
| 909 |
_a202506 _bLúcia _c55 _dLúcia Elande |
||
| 999 |
_c333561 _d333561 |
||